|
|
|
|
| LEADER |
01029nam a22002777a 4500 |
| 001 |
32605 |
| 003 |
BD-DhAAL |
| 005 |
20211121095633.0 |
| 008 |
180116t1985 ja a|||| |||| 00| 0 jpn d |
| 999 |
|
|
|c 39028
|d 39028
|
| 020 |
|
|
|a 4061888420
|
| 040 |
|
|
|a BD-DhAAL
|
| 041 |
|
|
|a jpn
|a eng
|
| 082 |
|
|
|a 759.6
|
| 100 |
|
|
|a Dali, Salvador,
|d 1904-1989
|9 24877
|
| 245 |
|
|
|a Dali complete works :
|b the work the man
|n Vol.II, 1934-1944 /
|c Salvador Dali and Robert Descharnes
|
| 260 |
|
|
|a Japan :
|b Kodansha,
|c 1985.
|
| 300 |
|
|
|a 288, 16 pages :
|b illustrations ;
|c 37 cm.
|
| 526 |
|
|
|a AAL
|
| 541 |
|
|
|a Development Book Agency
|e 32605
|
| 600 |
|
|
|a Dalí, Salvador,
|d 1904-1989
|9 24878
|
| 650 |
|
|
|a Architecture.
|9 42722
|
| 700 |
|
|
|a Descharnes, Robert
|9 24879
|
| 852 |
|
|
|a Ayesha Abed Library
|c General Stacks
|
| 942 |
|
|
|2 ddc
|c BK
|
| 952 |
|
|
|0 0
|1 0
|2 ddc
|4 0
|6 759_600000000000000_DAL
|7 0
|9 62618
|a BRACUL
|b BRACUL
|c GEN
|d 2018-01-14
|e Development Book Agency
|g 13900.00
|l 2
|m 4
|o 759.6 DAL
|p 3010032605
|r 2024-04-22
|s 2024-01-22
|t 1
|v 13900.00
|w 2018-01-14
|y BK
|